000 00911nam a2200277Ia 4500
001 Z_507
003 CHAP
005 20240429135017.0
008 220113s1988 xx 000 0 und d
010 _a163484
040 _cCHAP
090 _aTesis B66 401
100 1 _aBontemps Lundi, Jean Jacques
_969151
245 _aUtilización de desperdicios de cocina suplementados en la alimentación de cerdos en etapa de desarrollo - finalización /
_cpor Jean Jacques Bontemps Lundi
260 _aChapingo, Méx. :
_bEl autor,
_c1988
300 _a83 h.; gráfs.
502 _aTesis (Ing. Agrónomo Esp. en Zootecnia) -- UACH. Departamento de Zootecnia
650 _aAlimentos
_xSubproductos
_94283
650 _aGanado porcino
_xAlimentación
_945329
650 _aGanado porcino
_xEngorda
_945362
901 _aTESIS L 401
902 _aM
910 _a1988
942 _c2
_2ddc
942 _c2
_2ddc
999 _c163484
_d163484